00459nam a2200157Ia 4500008004100000040001900041041001200060082002500072245007900097260003500176300002000211630002200231650002400253651001400277850001000291131103s9999 xx 000 0 und d aLoreto College aEnglish a920/SASbLCLIB/15032 aLal Bahadur Shastrib vyakti aur vichar cedited by Sailendra Kumar Pathak aDelhibS.Chandra and Co.c1956 a74 p. c 19 cm. aIndia - Biography aShastri,Lal Bahadur aBiography aLCLIB